00439nam a22001337a 4500003001100000005001700011008004100028040003900069041000800108082001600116245009900132260005700231650001700288LK-CoMWRAF20230911204953.0230911b |||||||| |||| 00| 0 eng d aLK-CoMWRAFdLK-CoMWRAFeLK-CoMWRAF aeng a362.83bBER aThe Bereft women of the East :bMicro enterprises : The difference between survival and living aColombo :bMuslim Women's research and action forum, aBereft women